[Event "AUTO-MASTER-2421"]
[Site "http://www.queenalice.com/game.php?id=1406597"]
[Date "2016.1.28"]
[Round "1"]
[White "Bruscato"]
[Black "giobetti"]
[Result "1-0"]
[WhiteElo "2343"]
[BlackElo "2103"]

1. e4 d5 2. exd5 Nf6 3. c4 e6 4. dxe6 Bxe6 5. d4 Bb4+ 6. Bd2 Qe7 7. Qe2 O-O 8.
d5 Bxd2+ 9. Nxd2 Qb4 10. dxe6 Re8 11. O-O-O Rxe6 12. Ne4 Nc6 13. Nxf6+ Rxf6 14.
Qd2 Qc5 15. Nf3 Rd6 16. Qe3 Rxd1+ 17. Kxd1 Rd8+ 18. Nd2 Qb4 19. Kc1 Qa5 20. a3
Ne5 21. b4 Nd3+ 22. Qxd3 1-0

[Event "AUTO-MASTER-2421"]
[Site "http://www.queenalice.com/game.php?id=1406598"]
[Date "2016.1.28"]
[Round "1"]
[White "giobetti"]
[Black "Bruscato"]
[Result "0-1"]
[WhiteElo "2110"]
[BlackElo "2354"]

1. e4 c5 2. Nc3 e6 3. f4 d5 4. Bb5+ Nc6 5. Nf3 d4 6. Bxc6+ bxc6 7. Na4 Nf6 8. d3
Be7 9. b3 Qa5+ 10. Bd2 Qb5 11. O-O O-O 12. c4 dxc3 13. Nxc3 Qxd3 14. Ne5 Qd4+
15. Kh1 Bb7 16. Qe2 Rad8 17. Rad1 Qd6 18. Nc4 Qd3 19. Qf3 Qxf3 20. Rxf3 Rd7 21.
e5 Nd5 22. Ne4 Ba6 23. Ned6 Nb6 24. Na5 Bxd6 25. exd6 Rxd6 26. Rc3 Rfd8 27. Rc2
Be2 28. Rcc1 Bxd1 0-1

[Event "AUTO-MASTER-2421"]
[Site "http://www.queenalice.com/game.php?id=1406609"]
[Date "2016.1.28"]
[Round "1"]
[White "solzhenitsyn"]
[Black "giobetti"]
[Result "0-1"]
[WhiteElo "2145"]
[BlackElo "2105"]

1. d4 Nf6 2. c4 e6 3. Nc3 Bb4 4. Bg5 Bxc3+ 5. bxc3 d6 6. e4 Nc6 7. Qa4 O-O 8.
Rd1 h6 9. Bxf6 Qxf6 10. Nf3 e5 11. d5 Ne7 12. Be2 Qg6 13. O-O Bh3 14. Nh4 Qg5
15. g3 Bxf1 16. Bxf1 f5 17. exf5 Nxf5 18. Nxf5 Qxf5 19. Rd2 e4 20. Bg2 Rae8 21.
Qxa7 e3 22. fxe3 Qb1+ 0-1

[Event "AUTO-MASTER-2421"]
[Site "http://www.queenalice.com/game.php?id=1406610"]
[Date "2016.1.28"]
[Round "1"]
[White "giobetti"]
[Black "solzhenitsyn"]
[Result "1-0"]
[WhiteElo "2097"]
[BlackElo "2102"]

1. e4 c5 2. Nc3 d6 3. f4 Nf6 4. Nf3 Bg4 5. h3 Bd7 6. Bc4 e6 7. O-O Be7 8. d3 O-O
9. e5 dxe5 10. fxe5 Ne8 11. Qe1 Nc6 12. Qg3 a6 13. Bh6 g6 14. Bxf8 Kxf8 15. Ne4
b5 16. Bb3 c4 17. dxc4 bxc4 18. Bxc4 Qb6+ 19. Kh1 Ng7 20. Nfg5 Qxb2 21. Bb3 Nf5
22. Qf2 h6 23. Nh7+ Kg7 24. Nhf6 Bxf6 25. exf6+ Kf8 26. Rab1 Qd4 27. Nc5 Be8 28.
Rbd1 Qxf6 29. g4 Qh4 30. gxf5 Qxh3+ 31. Qh2 Qxh2+ 32. Kxh2 exf5 33. Ba4 1-0

[Event "AUTO-MASTER-2421"]
[Site "http://www.queenalice.com/game.php?id=1406617"]
[Date "2016.1.28"]
[Round "1"]
[White "giobetti"]
[Black "Rutty"]
[Result "0-1"]
[WhiteElo "2118"]
[BlackElo "2018"]

1. e4 c5 2. Nc3 Nc6 3. f4 d6 4. Nf3 Bg4 5. h3 Bxf3 6. Qxf3 Nf6 7. d3 g6 8. Bd2
Bg7 9. O-O-O O-O 10. f5 Nd4 11. Qf2 b5 12. Qh4 b4 13. Nd5 Nxd5 14. exd5 Nxf5 15.
Qf2 a5 16. g4 Nd4 17. c3 bxc3 18. Bxc3 Rb8 19. h4 a4 20. h5 a3 21. b3 Nxb3+ 22.
Kc2 Bxc3 23. Kxc3 Qa5+ 24. Kc2 Nd4+ 0-1

[Event "AUTO-MASTER-2421"]
[Site "http://www.queenalice.com/game.php?id=1406618"]
[Date "2016.1.28"]
[Round "1"]
[White "Rutty"]
[Black "giobetti"]
[Result "1-0"]
[WhiteElo "2038"]
[BlackElo "2105"]

1. e4 d5 2. exd5 Nf6 3. c4 e6 4. dxe6 Bxe6 5. d4 Bb4+ 6. Nc3 Qe7 7. Be3 Ng4 8.
Nf3 Nxe3 9. fxe3 Nc6 10. d5 O-O-O 11. Qc2 Bxd5 12. cxd5 Qxe3+ 13. Be2 Rxd5 14.
Rd1 Rhd8 15. Rxd5 Rxd5 16. a3 Bxc3+ 17. bxc3 Ne5 18. Nxe5 Rxe5 19. Qd2 Qc5 20.
Rf1 f6 21. Qb2 Re3 22. Rf3 a6 23. Rxe3 Qxe3 24. Qd2 Qg1+ 25. Bf1 Qxh2 26. Qe3
Qh4+ 27. g3 Qa4 28. Bh3+ Kb8 29. Qe7 Qc6 30. Qd8+ Ka7 31. Qd4+ b6 32. Kf2 g5 33.
Bg2 Qe8 34. Qe4 Qxe4 35. Bxe4 h6 36. g4 b5 37. Ke3 Kb6 38. Kd4 c5+ 39. Kd5 1-0

[Event "Challenge"]
[Site "http://www.queenalice.com/game.php?id=1407052"]
[Date "2016.2.1"]
[Round "-"]
[White "masam2014"]
[Black "giobetti"]
[Result "0-1"]
[WhiteElo "1531"]
[BlackElo "2103"]

1. d4 Nf6 2. c4 e6 3. Nf3 Bb4+ 4. Bd2 Qe7 5. a3 Bxd2+ 6. Qxd2 d6 7. e3 b6 8. Be2
Bb7 9. O-O Nbd7 10. Nc3 O-O 11. b4 e5 12. dxe5 dxe5 13. Nd5 Nxd5 14. cxd5 Nf6
15. Bc4 e4 16. Nd4 Nxd5 17. Bxd5 Bxd5 18. Nf5 Qd7 19. Ng3 Rfd8 20. Rfd1 Qe6 21.
Rac1 Rac8 22. Kf1 Bc4+ 23. Kg1 Rxd2 0-1

[Event "Challenge"]
[Site "http://www.queenalice.com/game.php?id=1407053"]
[Date "2016.2.1"]
[Round "-"]
[White "giobetti"]
[Black "masam2014"]
[Result "1-0"]
[WhiteElo "2102"]
[BlackElo "1602"]

1. e4 c5 2. Nc3 b6 3. f4 e6 4. Nf3 Bb7 5. d4 d5 6. Bb5+ Bc6 7. exd5 Bxb5 8. Nxb5
exd5 9. Qe2+ Be7 10. O-O Nf6 11. Re1 Nc6 12. Ne5 Nxe5 13. fxe5 Nd7 14. Nd6+ Kf8
15. Qf3 Bxd6 16. exd6 Qf6 17. Qxd5 Rd8 18. Bg5 Qxd4+ 19. Qxd4 cxd4 20. Bxd8 1-0

[Event "OS INCLIVEIS"]
[Site "http://www.queenalice.com/game.php?id=1416085"]
[Date "2016.4.1"]
[Round "-"]
[White "adelio"]
[Black "giobetti"]
[Result "0-1"]
[WhiteElo "1656"]
[BlackElo "2101"]

1. d4 Nf6 2. c4 c5 3. e3 cxd4 4. exd4 d5 5. Be2 dxc4 6. h4 Bf5 7. h5 Nc6 8. Be3
e5 9. Bxc4 Bb4+ 10. Kf1 exd4 11. Bxf7+ Kxf7 12. Bg5 Qd5 13. Qb3 Qxb3 14. axb3
Rhe8 15. g3 Re1+ 16. Kg2 Rxb1 17. Rxb1 Bxb1 18. Bxf6 Kxf6 19. f4 Be4+ 20. Nf3
Na5 21. g4 Nxb3 22. h6 Nd2 23. Rh3 Bxf3+ 24. Rxf3 Nxf3 25. Kxf3 d3 26. Ke4 d2
27. g5+ Kg6 28. hxg7 Kxg7 29. f5 d1=Q 30. f6+ Kf7 31. Kf5 Re8 32. Kf4 Qf1+ 33.
Kg4 Be1 34. Kh5 Qh3# 0-1

[Event "OS INCLIVEIS"]
[Site "http://www.queenalice.com/game.php?id=1416086"]
[Date "2016.4.1"]
[Round "-"]
[White "giobetti"]
[Black "adelio"]
[Result "1-0"]
[WhiteElo "2100"]
[BlackElo "1658"]

1. e4 a6 2. d4 c5 3. c3 e6 4. Nf3 Be7 5. Bd3 Nc6 6. O-O d6 7. Bf4 g5 8. Be3 b6
9. Na3 b5 10. Qd2 f6 11. d5 Ne5 12. Nxe5 fxe5 13. dxe6 Bxe6 14. Qe2 h5 15. Rad1
h4 16. Bxc5 Nf6 17. f3 Qc7 18. Bf2 g4 19. Be3 d5 20. f4 dxe4 21. Bc2 exf4 22.
Bxf4 Qa7+ 23. Kh1 g3 24. Bxe4 Nxe4 25. Qxe4 Bf7 26. Bd6 Rf8 27. Bxe7 Qxe7 28.
Qxa8+ Qd8 29. Qxd8# 1-0

[Event "rivincita"]
[Site "http://www.queenalice.com/game.php?id=1432957"]
[Date "2016.7.23"]
[Round "-"]
[White "giobetti"]
[Black "favazza2007"]
[Result "1-0"]
[WhiteElo "2104"]
[BlackElo "2150"]

1. e4 d5 2. exd5 Qxd5 3. Nc3 Qd8 4. g3 Nf6 5. Bg2 c6 6. Nge2 e5 7. d3 Bb4 8. O-O
Be6 9. a3 Be7 10. b4 Nd5 11. Bd2 O-O 12. b5 cxb5 13. Nxb5 a6 14. Nbc3 Nc6 15.
Ne4 f5 16. N4c3 Bf6 17. Rb1 b5 18. f4 Rc8 19. a4 Nxc3 20. Nxc3 b4 21. Ne2 a5 22.
Kh1 Bd5 23. Ng1 Bxg2+ 24. Kxg2 Qd5+ 25. Qf3 Qxf3+ 26. Nxf3 exf4 27. Bxf4 Nd4 28.
Nxd4 Bxd4 29. Rfc1 Rfe8 30. Kf3 h6 31. h4 Kf7 32. Rb3 Kf6 33. h5 Be5 34. c4 Bxf4
35. gxf4 Re6 36. c5 Rd6 37. Rc4 Re6 38. d4 Re1 39. Re3 Ra1 40. c6 Rf1+ 41. Kg3
Rg1+ 42. Kh2 Rf1 43. d5 Rd1 44. Rc5 Rb1 45. d6 b3 46. d7 Rd8 47. Re8 b2 48. Rb5
Rc1 49. Rxb2 Rxc6 50. Rxd8 Ke7 51. Rc8 Rd6 52. d8=Q+ Rxd8 53. Rxd8 1-0

[Event "Challenge"]
[Site "http://www.queenalice.com/game.php?id=1439286"]
[Date "2016.9.2"]
[Round "-"]
[White "dnptrs"]
[Black "giobetti"]
[Result "0-1"]
[WhiteElo "2208"]
[BlackElo "2117"]

1. d4 b6 2. Nf3 Bb7 3. g3 e6 4. Bg2 Nf6 5. O-O Be7 6. c4 c5 7. dxc5 Bxc5 8. Nc3
O-O 9. a3 d5 10. cxd5 Nxd5 11. Nxd5 Qxd5 12. b4 Be7 13. Bb2 Nc6 14. Qxd5 exd5
15. Rfc1 Rac8 16. Nd4 Nxd4 17. Bxd4 f5 18. Kf1 Bg5 19. e3 Ba6+ 20. Ke1 Bc4 21.
Rc3 Rce8 22. Rac1 f4 23. Bf1 Bxf1 24. Kxf1 fxe3 25. f4 Bxf4 0-1

[Event "Challenge"]
[Site "http://www.queenalice.com/game.php?id=1439287"]
[Date "2016.9.2"]
[Round "-"]
[White "giobetti"]
[Black "dnptrs"]
[Result "1-0"]
[WhiteElo "2132"]
[BlackElo "2196"]

1. b3 e5 2. Bb2 d6 3. e3 Nc6 4. Bb5 a6 5. Bxc6+ bxc6 6. Nf3 e4 7. Ng1 Nf6 8. Ne2
Be7 9. c4 c5 10. O-O O-O 11. d4 cxd4 12. Nxd4 Bb7 13. Nc3 g6 14. Qc2 Re8 15.
Nde2 Qd7 16. Ng3 Bf8 17. Rfd1 Qe6 18. Rd4 Bg7 19. Rad1 Re7 20. Nd5 Rd8 21. Nxe7+
Qxe7 22. a3 Ng4 23. R4d2 Qh4 24. h3 Bxb2 25. Qxb2 Ne5 26. Qxe5 dxe5 27. Rxd8+
Kg7 28. R8d7 Bc8 29. Rxc7 Be6 30. Rd6 g5 31. Rxe6 1-0

[Event "AUTO-MASTER-2513"]
[Site "http://www.queenalice.com/game.php?id=1441712"]
[Date "2016.9.18"]
[Round "1"]
[White "giobetti"]
[Black "kookaburra"]
[Result "0-1"]
[WhiteElo "2146"]
[BlackElo "2336"]

1. b3 d5 2. Bb2 Nc6 3. e3 e5 4. Bb5 Bd6 5. Nf3 Qe7 6. O-O Nf6 7. d4 e4 8. Ne5
Bd7 9. Nxd7 Qxd7 10. Be2 h5 11. h3 Rh6 12. c4 O-O-O 13. Nc3 Rg6 14. cxd5 Qxh3
0-1

[Event "AUTO-MASTER-2513"]
[Site "http://www.queenalice.com/game.php?id=1441713"]
[Date "2016.9.18"]
[Round "1"]
[White "kookaburra"]
[Black "giobetti"]
[Result "1-0"]
[WhiteElo "2344"]
[BlackElo "2140"]

1. e4 b6 2. d4 e6 3. Nf3 Bb7 4. Bd3 Nf6 5. Qe2 c5 6. Nc3 Nc6 7. d5 Nb4 8. O-O
Nxd3 9. Qxd3 Qc8 10. Bg5 Ba6 11. Qd2 Bxf1 12. Rxf1 d6 13. e5 Nxd5 14. Nxd5 exd5
15. Qxd5 Be7 16. Bxe7 Kxe7 17. exd6+ Kd7 18. Ne5+ Kd8 19. Nxf7+ Kd7 20. Ne5+ Kd8
21. d7 Qb8 22. Nc6+ 1-0

[Event "AUTO-MASTER-2513"]
[Site "http://www.queenalice.com/game.php?id=1441714"]
[Date "2016.9.18"]
[Round "1"]
[White "giobetti"]
[Black "Alexandrovinsk"]
[Result "1-0"]
[WhiteElo "2130"]
[BlackElo "2125"]

1. b3 f5 2. Bb2 e6 3. e4 fxe4 4. Qh5+ Ke7 5. d3 Nf6 6. Qg5 Kf7 7. dxe4 Be7 8.
Qf4 d6 9. Nf3 Rf8 10. e5 dxe5 11. Nxe5+ Kg8 12. Bc4 Nd5 13. Qg4 Bf6 14. O-O Nd7
15. Re1 Nxe5 16. Bxe5 Bxe5 17. Rxe5 Qf6 18. Qe2 Bd7 19. Nd2 Rae8 20. Re1 Kh8 21.
Bxd5 exd5 22. Rxe8 Bxe8 23. Qxe8 Qxf2+ 24. Kh1 h5 25. Qxh5+ Kg8 26. Qxd5+ Kh8
27. Qh5+ Kg8 28. Qe2 Qb6 29. Qe6+ Qxe6 30. Rxe6 Rf2 31. Re8+ Kf7 32. Rd8 Re2 33.
Kg1 Ke7 34. Kf1 Rxg2 35. Kxg2 Kxd8 36. Kg3 1-0

[Event "AUTO-MASTER-2513"]
[Site "http://www.queenalice.com/game.php?id=1441715"]
[Date "2016.9.18"]
[Round "1"]
[White "Alexandrovinsk"]
[Black "giobetti"]
[Result "1-0"]
[WhiteElo "2115"]
[BlackElo "2134"]

1. e4 b6 2. Nf3 Bb7 3. Nc3 e6 4. g3 Bb4 5. d3 d5 6. exd5 Qxd5 7. Bg2 Qh5 8. O-O
Bxc3 9. bxc3 Nf6 10. Ba3 c5 11. d4 O-O 12. Ne5 Qxd1 13. Rfxd1 Bxg2 14. Kxg2 Na6
15. dxc5 Nxc5 16. Bxc5 bxc5 17. Nd7 Rfd8 18. Nxf6+ gxf6 19. Rab1 Kg7 20. Kf3 Kg6
21. Ke2 Kf5 22. Rxd8 Rxd8 23. Rb7 Kg4 24. Rxf7 1-0

[Event "AUTO-MASTER-2513"]
[Site "http://www.queenalice.com/game.php?id=1441716"]
[Date "2016.9.18"]
[Round "1"]
[White "giobetti"]
[Black "jupar"]
[Result "1-0"]
[WhiteElo "2142"]
[BlackElo "2051"]

1. b3 Nc6 2. Bb2 e5 3. e3 d5 4. Bb5 Bd6 5. Nf3 Bd7 6. Bxc6 bxc6 7. Nxe5 Nf6 8.
Nxd7 Kxd7 9. O-O Qe7 10. d3 Rhd8 11. Re1 Be5 12. Nc3 Ke8 13. e4 Kf8 14. a4 d4
15. Ba3 c5 16. Ne2 Ng4 17. g3 Bd6 18. Nf4 Bxf4 19. Qxg4 Bd2 20. Re2 Bb4 21. Bxb4
cxb4 22. e5 Qe6 23. Qxe6 fxe6 24. f4 a5 25. Rf1 g6 26. g4 Kg7 27. f5 exf5 28.
gxf5 gxf5 29. Rxf5 Rg8 30. Rg2+ Kh8 31. e6 Rae8 32. Re5 Re7 33. Rxg8+ Kxg8 34.
Kf2 Kg7 35. Kf3 Kf6 36. Ke4 h6 37. Kxd4 Rxe6 38. Rxe6+ Kxe6 39. Kc5 c6 40. Kxc6
Ke5 41. Kc5 h5 42. d4+ Ke6 43. d5+ Kd7 44. d6 h4 45. h3 Kd8 46. Kc6 Kc8 47. d7+
Kd8 48. Kb5 Kxd7 49. Kxa5 Kc6 50. Kxb4 Kb6 51. c4 Ka6 52. c5 Ka7 53. Kb5 Kb7 54.
c6+ Kc7 55. a5 Kb8 56. Kb6 Kc8 57. a6 Kb8 58. c7+ Kc8 59. a7 1-0

[Event "AUTO-MASTER-2513"]
[Site "http://www.queenalice.com/game.php?id=1441717"]
[Date "2016.9.18"]
[Round "1"]
[White "jupar"]
[Black "giobetti"]
[Result "0-1"]
[WhiteElo "2023"]
[BlackElo "2121"]

1. d4 Nf6 2. c4 e6 3. Nc3 Bb4 4. Qc2 b6 5. Bd2 Bb7 6. e3 O-O 7. Nf3 c5 8. Be2
Nc6 9. a3 cxd4 10. exd4 Be7 11. O-O d5 12. Be3 Rc8 13. b3 dxc4 14. bxc4 Na5 15.
Ne5 Ba6 16. Rac1 Nxc4 17. Ne4 Nxe3 18. Qxc8 Bxc8 19. Nxf6+ Bxf6 20. fxe3 Bxe5
21. dxe5 Qd2 22. Bc4 Qxe3+ 23. Kh1 Qxe5 24. a4 Bb7 25. Rf2 Rc8 26. Rfc2 Qe4 27.
Re2 Qxe2 0-1